000 nam a22 a 4500
999 _c4551
_d4551
003 AKMAL
005 20170531143528.0
008 1 s1995 my l 00 may d
020 _a9678903016 (kkt.):
_cRgt. 5.00
040 _cAKMAL
082 0 4 _a345.5950773 AKT
090 _a345.5950773
_bAKT
110 1 _aMalaysia
_9400
245 1 _aAkta Buang Negeri, 1959 (Akta 79) & Banishment Act, 1959 (Act 79) :
_bhingga 10hb Oktober 1995 /
_cdisusun oleh Lembaga Penyelidikan Undang-undang
260 _aKuala Lumpur :
_bInternational Law Book Services,
_c1995
440 _aLaws of Malaysia
_91830
500 _aTeks bahasa Malaysia dan Inggeris
650 _aExile (Punishment)
_xLaw and legislation
_zMalaysia
_98780
651 _aMalaysia
_xExiles
_98781
740 2 _aBanishment Act, 1959 (Act 79)
942 _2ddc
_cBOOK